000 00317nam a22001337a 4500
003 NUST
008 140618b xxu||||| |||| 00| 0 eng d
020 _cAvailable
038 _aNusrat Nadeem
082 _25th Ed
_a574.87 LEV
245 _aQuantum Chemistry
_cLevin ira .N
563 _aHardbinding
942 _2ddc
_cBK
999 _c24669
_d24669